| 000 | 00693nam a2200205 a 4500 | ||
|---|---|---|---|
| 005 | 20140412111319.0 | ||
| 008 | 000818s19uu xx 00 eng d | ||
| 020 | _a0-590-47340-9 | ||
| 050 |
_aTR(PS E _bAn1 1972 |
||
| 100 | _aMcDermott, Gerald | ||
| 245 |
_aAnansi the spider : _ba tale from the Ashanti / _cby Gerald McDermott. |
||
| 260 |
_aNew York : _bScholastic Inc, _c1972. |
||
| 300 | _a1 v. (unp.) ; ill. | ||
| 500 | _aThis book won a Caldecott Honor Award | ||
| 520 | _aThis is a tale about how mischievous Anansi and his six brave sons helped place the moon in the sky! | ||
| 650 | _aFolktales | ||
| 650 | _aSpiders--Fiction | ||
| 650 | _aChildren stories | ||
| 999 |
_c104319 _d104319 |
||